Missing Word: #1 Hits of 1962 Quiz Stats

Quiz Updated Feb 9, 2018

Challenge
Share
Tweet
Embed
Score 0/14 Timer 03:00
0 Plays Today
Songs Missing Word % Correct
Big _____ Don't CryGirls
97.7%
I Can't Stop _____ YouLoving
97.3%
The Lion _____ TonightSleeps
96.2%
Roses are _____ (My Love)Red
95.9%
Good _____ CharmLuck
94.9%
_____ MashMonster
93.7%
_____ Up Is Hard to DoBreaking
93.2%
Songs Missing Word % Correct
_____ of EarlDuke
88.9%
Don't Break the _____ That Loves YouHeart
87.6%
Soldier _____Boy
84.3%
Johnny _____Angel
56.4%
Peppermint _____ - Part ITwist
47.5%
He's A _____Rebel
32.9%
Hey! _____Baby
17%

Today's Daily Dose

Word Ladder
Summertime

On This Day
June 23rd II

You're not logged in!

Compare scores with friends on all Sporcle quizzes.
Join for Free
OR
Log In

You Might Also Like...

Show Comments

Extras

Top Quizzes Today


Score Distribution

Your Account Isn't Verified!

In order to create a playlist on Sporcle, you need to verify the email address you used during registration. Go to your Sporcle Settings to finish the process.

Report this User

Report this user for behavior that violates our Community Guidelines.

Details: